Catalog

Record Details

Catalog Search



Custer died for your sins : an Indian manifesto / ... Read More

Deloria, Vine.(Author).

Available copies

  • 2 of 2 copies available at LARL/NWRL Consortium.
  • 1 of 1 copy available at Lake Agassiz Regional Library. (Show preferred library)

Current holds

0 current holds with 2 total copies.

Show All Copies
Location Call Number / Copy Notes Barcode Shelving Location Status Due Date
Detroit Lakes Public Library 973.0497 DEL (Text) 33500012761383 Main Available -
Thief River Falls Public Library 973.0497 DEL (Text) 35500006756439 Main Available -

Record details

  • ISBN: 0806121297
  • ISBN: 9780806121291
  • Physical Description: xiii, 278 pages ; 21 cm
  • Publisher: Norman : University of Oklahoma Press, 1988.

Content descriptions

General Note:
MN American Indian literature.
Reprint. Originally published: New York : Macmillan, 1969. With new pref.
Includes index.
Formatted Contents Note:
Indians today, the real and the unreal -- Laws and ... Read More
Summary, etc.:
The author speaks for his people in this witty ... Read More
In Custer Died for your Sins, the author observes, ... Read More
Subject: Indians of North America > Government relations > 1934-
Indians, Treatment of > United States.
Indians of North America > Government relations.
Indians, Treatment of.
United States.
Indiens, Attitudes envers les > États-Unis.
Indiens > Amérique du Nord.
Amérique du Nord > Indiens.
LDR 03239cam a2200601 a 4500
0011039
003LARL_NWRL_CONSORTIUM
00520180814161106.0
008871124r19881969oku s001 0 eng
010 . ‡a 87040561
040 . ‡aDLC ‡beng ‡cDLC ‡dCPO ‡dBAKER ‡dBTCTA ‡dYDXCP ‡dAU@ ‡dZP2 ‡dWTX ‡dZWZ ‡dBDX ‡dOCLCF ‡dOCLCQ ‡dHF9 ‡dNLC ‡dOCLCQ ‡dTYC
016 . ‡a(AMICUS)000007676632
019 . ‡a490037691
020 . ‡a0806121297 ‡q(pbk.)
020 . ‡a9780806121291 ‡q(pbk.)
035 . ‡a(OCoLC)17234301 ‡z(OCoLC)490037691
043 . ‡an-us---
05501. ‡aE93
0820 . ‡a973/.0497 ‡219
1001 . ‡aDeloria, Vine. ‡0(LARL_NWRL_CONSORTIUM)50046
24510. ‡aCuster died for your sins : ‡ban Indian manifesto / ‡cby Vine Deloria, Jr.
260 . ‡aNorman : ‡bUniversity of Oklahoma Press, ‡c1988.
300 . ‡axiii, 278 pages ; ‡c21 cm
336 . ‡atext ‡btxt ‡2rdacontent
337 . ‡aunmediated ‡bn ‡2rdamedia
338 . ‡avolume ‡bnc ‡2rdacarrier
500 . ‡aMN American Indian literature.
500 . ‡aReprint. Originally published: New York : Macmillan, 1969. With new pref.
5050 . ‡aIndians today, the real and the unreal -- Laws and treaties -- Disastrous policy of termination -- Anthropologists and other friends -- Missionaries and the religious vacuum -- Government agencies -- Indian humor -- Red and the black -- Problem of Indian leadership -- Indians and modern society -- Redefinition of Indian affairs.
500 . ‡aIncludes index.
520 . ‡aThe author speaks for his people in this witty confutation of almost everything the white man "knows" about Native Americans.
520 . ‡aIn Custer Died for your Sins, the author observes, "The Indian world has changed so substantially since the first publication of this book that some things contained in it seem new again." Indeed, it seems that each generation of whites and Indians will have to read and reread Vine Deloria's Manifesto for some time to come, before we absorb his special, ironic Indian point of view and what he tells us, with a great deal of humor, about U.S. race relations, federal bureaucracies, Christian churches, and social scientists. This book continues to be required reading for all Americans, whatever their special interest. -- Provided by publisher.
650 0. ‡aIndians of North America ‡xGovernment relations ‡y1934- ‡0(LARL_NWRL_CONSORTIUM)22937
650 0. ‡aIndians, Treatment of ‡zUnited States. ‡0(LARL_NWRL_CONSORTIUM)22867
650 7. ‡aIndians of North America ‡xGovernment relations. ‡2fast ‡0(LARL_NWRL_CONSORTIUM)22933
650 7. ‡aIndians, Treatment of. ‡2fast ‡0(LARL_NWRL_CONSORTIUM)22862
651 7. ‡aUnited States. ‡2fast ‡0(LARL_NWRL_CONSORTIUM)54625
650 7. ‡aIndiens, Attitudes envers les ‡zÉtats-Unis. ‡2ram
650 7. ‡aIndiens ‡zAmérique du Nord. ‡2ram
651 7. ‡aAmérique du Nord ‡xIndiens. ‡2ram
648 7. ‡aSince 1934 ‡2fast
901 . ‡a1039 ‡bOCoLC ‡c1039 ‡tbiblio

Additional Resources